| 000 | 01064cam a22003137a 4500 | ||
|---|---|---|---|
| 003 | CHAP | ||
| 005 | 20220329135400.0 | ||
| 008 | 971013s1968 r 00010 d | ||
| 010 | _a35415 | ||
| 011 | _a36387 | ||
| 035 | _a40506 | ||
| 040 | _cCHAP | ||
| 090 | _aFolleto 799 | ||
| 100 | 0 | 0 |
_aPadilla Copado, Rafael. _984643 |
| 245 | 1 | 3 | _aLa maquinaria agrícola en México |
| 260 |
_aMéxico : _bReunión Nacional de Ciencia y Tecnología en la Reforma Agraria, _c1968 |
||
| 300 | _a40 h. | ||
| 490 | 0 | _aDocumento C-T-Ref./Agr, III-19 | |
| 590 |
_aBATCH-UPD _b10 _c20130110 _lUCH01 _h2112 |
||
| 590 |
_aBATCH-UPD _b10 _c20130410 _lUCH01 _h1422 |
||
| 590 |
_aBATCH-UPD _b10 _c20130914 _lUCH01 _h1758 |
||
| 590 |
_aCONVERSION _b10 _c20130109 _lUCH01 _h1320 |
||
| 650 | 1 | 4 |
_aMaquinaria agrícola. _971151 |
| 711 | 0 |
_aReunión Nacional de Ciencia y Tecnología en la Reforma Agraria ( _n1 _d: 1968 _c: México) _996435 |
|
| 830 | 0 |
_aDocumento C-T-Ref./Agr, III-19 _933195 |
|
| 901 | _aBK | ||
| 942 | _cFOLL | ||
| 949 |
_aFolleto 799 _bBC _cFOLL _d-92552 _eTS1 _i40506 _mD _si |
||
| 999 |
_c35415 _d35415 |
||